Power system harmonics / (Record no. 175598)
[ view plain ]
| 000 -LEADER | |
|---|---|
| fixed length control field | 01120 a2200241 4500 |
| 003 - CONTROL NUMBER IDENTIFIER | |
| control field | Nust |
| 005 - DATE AND TIME OF LATEST TRANSACTION | |
| control field | 20220803153433.0 |
| 010 ## - LIBRARY OF CONGRESS CONTROL NUMBER | |
| LC control number | 2003049481 |
| 020 ## - INTERNATIONAL STANDARD BOOK NUMBER | |
| International Standard Book Number | 0470851295 (alk. paper) |
| 040 ## - CATALOGING SOURCE | |
| Transcribing agency | Nust |
| 082 00 - DEWEY DECIMAL CLASSIFICATION NUMBER | |
| Classification number | 621.319214,ARR |
| 100 1# - MAIN ENTRY--PERSONAL NAME | |
| Personal name | Arrillaga, J. |
| 9 (RLIN) | 96419 |
| 245 10 - TITLE STATEMENT | |
| Title | Power system harmonics / |
| Statement of responsibility, etc. | Jos Arrillaga and Neville R. Watson. |
| 250 ## - EDITION STATEMENT | |
| Edition statement | 2nd ed. |
| 260 ## - PUBLICATION, DISTRIBUTION, ETC. | |
| Place of publication, distribution, etc. | West Sussex, England ; |
| -- | Hoboken, NJ : |
| Name of publisher, distributor, etc. | J. Wiley & Sons, |
| Date of publication, distribution, etc. | c2003. |
| 300 ## - PHYSICAL DESCRIPTION | |
| Extent | x, 399 p. : |
| Other physical details | ill. ; |
| Dimensions | 25 cm. + |
| Accompanying material | 1 CD-ROM (4 3/4 in.) |
| 505 ## - FORMATTED CONTENTS NOTE | |
| Formatted contents note | Subject Definition And Objectives (Page-1), Harmonic Analysis (Page-17), Harmonic Sources (Page-61), Effect Of Harmonic Distortion (Page-143), Harmonic Monitoring (Page-191), Harmonic-Elimination (Page-219), Computation Of Harmonic Flows (Page-261), Advanced Harmonic Assessment (Page-351). |
| 650 #0 - SUBJECT ADDED ENTRY--TOPICAL TERM | |
| Topical term or geographic name entry element | Telecommunication Engineering. |
| 700 1# - ADDED ENTRY--PERSONAL NAME | |
| Personal name | Watson, N. R. |
| 9 (RLIN) | 96421 |
| 856 42 - ELECTRONIC LOCATION AND ACCESS | |
| Materials specified | Publisher description |
| Uniform Resource Identifier | <a href="http://www.loc.gov/catdir/description/wiley041/2003049481.html">http://www.loc.gov/catdir/description/wiley041/2003049481.html</a> |
| 856 42 - ELECTRONIC LOCATION AND ACCESS | |
| Materials specified | Table of contents |
| Uniform Resource Identifier | <a href="http://www.loc.gov/catdir/toc/wiley041/2003049481.html">http://www.loc.gov/catdir/toc/wiley041/2003049481.html</a> |
| 942 ## - ADDED ENTRY ELEMENTS (KOHA) | |
| Koha item type | Reference |
| Source of classification or shelving scheme | |
| Withdrawn status | Lost status | Source of classification or shelving scheme | Damaged status | Not for loan | Permanent Location | Current Location | Shelving location | Date acquired | Full call number | Barcode | Date last seen | Price effective from | Koha item type | Public note |
|---|---|---|---|---|---|---|---|---|---|---|---|---|---|---|
| Military College of Signals (MCS) | Military College of Signals (MCS) | Reference | 12/12/2016 | 621.31924,ARR | MCS31157 | 12/08/2016 | 12/12/2016 | Reference | Almirah No.20, Shelf No.4 |
